Ελληνικός θησαυρός

Αποθηκεύτηκε σε:
Λεπτομέρειες βιβλιογραφικής εγγραφής
Κύριος συγγραφέας: Ανδρόνικος, Mανόλης, 1919-1992
Μορφή: Βιβλίο
Γλώσσα:Greek
Δημοσίευση: Αθήνα : Καστανιώτη, 1993.
Σειρά:Σκέψη, χρόνος, και δημιουργοί
Θέματα:
Ετικέτες: Προσθήκη ετικέτας
Δεν υπάρχουν, Καταχωρήστε ετικέτα πρώτοι!

MARC

LEADER 00000cam a2200000 i 4500
001 1/34858
008 960808s1993 gr | ||| |||| ||gre||
020 |a 9600311390 
035 |1 ΕΛΗ  |a 1996  |b 2507  |c ΒΙΒΛΙΟΘΗΚΗ  |l 10039770 
040 |a GR-MyUA  |b gre  |e AACR2 
041 0 |a gre 
082 0 |a 930.1 
100 1 |a Ανδρόνικος, Mανόλης,   |d 1919-1992. 
245 1 0 |a Ελληνικός θησαυρός /   |c Μανολης Ανδρόνικος.  
260 |a Αθήνα :   |b Καστανιώτη,   |c 1993.  
300 |a 230 σ. ;   |c 21 εκ.  
490 1 |a (Σειρά Σκέψη, χρόνος, και δημιουργοί)  
650 0 0 |a Archaeology. 
830 0 |a Σκέψη, χρόνος, και δημιουργοί 
852 |a INST  |b SAMOS  |e 19960808  |h 930.1 ΑΝΔ  |p 005300009320  |q 005300009320  |t BK  |y 0 
909 |a Σ  |b 041785